[Event "Munich Youngsters IM Challenge"]
[Site "Munich"]
[Date "2023.10.09"]
[Round "3"]
[White "Mattenberger, Matthias"]
[Black "Ovsejevitsch, Sergei"]
[Result "1/2-1/2"]
[WhiteElo "2293"]
[BlackElo "2562"]
[PlyCount "38"]
[EventDate "2023.10.08"]
[EventType "team-tourn"]
[EventRounds "9"]
[EventCountry "GER"]
[SourceTitle "Mega2024 Update 01"]
[Source "Chessbase"]
[SourceDate "2023.11.12"]
[SourceVersion "1"]
[SourceVersionDate "2023.11.12"]
[SourceQuality "1"]
[WhiteTeam "Challenger III"]
[BlackTeam "Meister"]
[WhiteTeamCountry "SUI"]
[BlackTeamCountry "GER"]

1. d4 Nf6 2. c4 e6 3. Nc3 Bb4 4. e3 c5 5. Nge2 d5 6. a3 Bxc3+ 7. Nxc3 cxd4 8. exd4 dxc4 9. Bxc4 Nc6 10. Be3 0-0 11. 0-0 h6 12. Ba2 Ne7 13. Qf3 Nfd5 14. Nxd5 Nxd5 15. Bxd5 Qxd5 16. Qxd5 exd5 17. Rac1 Bd7 18. Rfe1 Rfc8 19. f3 f6 1/2-1/2

[Event "AUT-chT 2223"]
[Site "Austria"]
[Date "2023.04.14"]
[Round "10.2"]
[White "Ovsejevitsch, Sergei"]
[Black "Baldauf, Marco"]
[Result "1/2-1/2"]
[WhiteElo "2554"]
[BlackElo "2501"]
[PlyCount "65"]
[EventDate "2022.11.03"]
[EventType "team-tourn"]
[EventRounds "11"]
[EventCountry "AUT"]
[SourceTitle "EXT 2024"]
[Source "ChessBase"]
[SourceDate "2023.10.10"]
[SourceVersion "1"]
[SourceVersionDate "2023.10.10"]
[SourceQuality "1"]
[WhiteTeam "Hohenems"]
[BlackTeam "Schach ohne Grenzen"]
[WhiteTeamCountry "AUT"]
[BlackTeamCountry "AUT"]

1. d4 Nf6 2. c4 g6 3. Nc3 d5 4. cxd5 Nxd5 5. Bd2 Bg7 6. e4 Nxc3 7. Bxc3 0-0 8. Rc1 c5 9. dxc5 Qxd1+ 10. Kxd1 Be6 11. Bxg7 Kxg7 12. Bc4 Rd8+ 13. Ke2 Rd4 14. Bxe6 Rxe4+ 15. Kd3 Rxe6 16. Nf3 Na6 17. Rhe1 Rxe1 18. Nxe1 Rc8 19. Kd4 Rd8+ 20. Ke3 Nb4 21. Rc4 Nd5+ 22. Ke2 e5 23. Nd3 f5 24. g3 e4 25. Nf4 Kf6 26. Nxd5+ Rxd5 27. c6 bxc6 28. Rxc6+ Ke5 29. Ra6 Rc5 30. Kd2 Rd5+ 31. Ke2 Rc5 32. b4 Rc4 33. b5 1/2-1/2

[Event "Skandenborg Smuk"]
[Site "Skanderborg"]
[Date "2022.08.13"]
[Round "6"]
[White "Olsen, Filip Boe"]
[Black "Ovsejevitsch, Sergei"]
[Result "0-1"]
[WhiteElo "2427"]
[BlackElo "2581"]
[PlyCount "70"]
[EventDate "2022.08.13"]
[EventType "tourn"]
[EventRounds "9"]
[EventCountry "DEN"]
[EventCategory "8"]
[SourceTitle "CBM 209 Extra"]
[Source "ChessBase"]
[SourceDate "2022.09.30"]
[SourceVersion "1"]
[SourceVersionDate "2022.09.30"]
[SourceQuality "1"]

1. d4 Nf6 2. c4 e6 3. Nf3 b6 4. a3 Bb7 5. Nc3 d5 6. Bg5 Be7 7. e3 0-0 8. Rc1 Nbd7 9. cxd5 exd5 10. Be2 h6 11. Bf4 c5 12. dxc5 bxc5 13. 0-0 Rc8 14. Ne5 Nxe5 15. Bxe5 Nd7 16. Bg3 Nb6 17. Bg4 f5 18. Bf3 Qd7 19. Ne2 g5 20. Bh5 d4 21. Be5 dxe3 22. fxe3 Qe6 23. Bg3 Nd5 24. Bf2 Nxe3 25. Bxe3 Qxe3+ 26. Kh1 Rcd8 27. Qc2 Rd2 28. Qc4+ Bd5 29. Qa6 Bd6 30. Rc3 Qe5 31. Rg3 Qe6 32. Rc3 g4 33. Rf2 Rd1+ 34. Ng1 Rxg1+ 35. Kxg1 Bxh2+ 0-1

[Event "Skandenborg Smuk"]
[Site "Skanderborg"]
[Date "2022.08.13"]
[Round "5"]
[White "Ovsejevitsch, Sergei"]
[Black "Pedersen, Nicolai Vesterbaek"]
[Result "1/2-1/2"]
[WhiteElo "2581"]
[BlackElo "2366"]
[PlyCount "84"]
[EventDate "2022.08.13"]
[EventType "tourn"]
[EventRounds "9"]
[EventCountry "DEN"]
[EventCategory "8"]
[SourceTitle "CBM 209 Extra"]
[Source "ChessBase"]
[SourceDate "2022.09.30"]
[SourceVersion "1"]
[SourceVersionDate "2022.09.30"]
[SourceQuality "1"]

1. d4 Nf6 2. c4 e6 3. Nc3 Bb4 4. Nf3 c5 5. dxc5 Na6 6. Bd2 Nxc5 7. e3 0-0 8. Be2 b6 9. 0-0 Bb7 10. a3 Bxc3 11. Bxc3 Nce4 12. Be1 Rc8 13. Nd2 Nxd2 14. Bxd2 d5 15. cxd5 Bxd5 16. Bb4 Re8 17. Bb5 Nd7 18. Qg4 f5 19. Qf4 a5 20. Bd6 Bc6 21. Ba6 Ra8 22. Be2 Qf6 23. Qd4 Qxd4 24. exd4 Rec8 25. Rac1 Nf6 26. f3 Nd5 27. Kf2 Ba4 28. Bd3 Kf7 29. Ke2 g6 30. Kd2 Rd8 31. Be5 Rd7 32. g4 Ne7 33. Rc7 Rxc7 34. Bxc7 Nc6 35. gxf5 gxf5 36. d5 exd5 37. Bxf5 Nd4 38. Bxh7 Re8 39. Rf2 Nb3+ 40. Kd3 Nc5+ 41. Kd2 Nb3+ 42. Kd3 Nc5+ 1/2-1/2

[Event "Berlin Doppelbauer"]
[Site "Berlin"]
[Date "2022.08.12"]
[Round "9"]
[White "Ovsejevitsch, Sergei"]
[Black "Parvanyan, Ashot"]
[Result "1-0"]
[WhiteElo "2581"]
[BlackElo "2424"]
[PlyCount "83"]
[EventDate "2022.08.08"]
[EventType "tourn"]
[EventRounds "9"]
[EventCountry "GER"]
[EventCategory "8"]
[SourceTitle "CBM 209 Extra"]
[Source "ChessBase"]
[SourceDate "2022.09.30"]
[SourceVersion "1"]
[SourceVersionDate "2022.09.30"]
[SourceQuality "1"]

1. d4 Nf6 2. c4 e6 3. Nf3 d5 4. Nc3 c5 5. cxd5 cxd4 6. Qxd4 exd5 7. e4 dxe4 8. Qxd8+ Kxd8 9. Ng5 Be6 10. Bb5 h6 11. Ngxe4 Nxe4 12. Nxe4 a6 13. Ba4 Bb4+ 14. Ke2 b5 15. Bb3 Bxb3 16. axb3 Nc6 17. Be3 Re8 18. Rhc1 Kc7 19. Nc5 Bxc5 20. Rxc5 Kb7 21. Rd1 Rad8 22. Rcd5 Rxd5 23. Rxd5 Kc7 24. h4 Na5 25. Rd3 h5 26. Kf3 Re6 27. Bd4 g6 28. Kf4 Nc6 29. g3 Re2 30. Rf3 Kd7 31. Kg5 Ke7 32. Bf6+ Ke8 33. Kh6 Ne7 34. Bxe7 Kxe7 35. Kg7 Rxb2 36. Rxf7+ Ke8 37. Rf3 Rd2 38. Kxg6 Rd5 39. Rf6 a5 40. Ra6 b4 41. g4 hxg4 42. h5 1-0

[Event "Berlin Doppelbauer"]
[Site "Berlin"]
[Date "2022.08.10"]
[Round "5"]
[White "Petrovskiy, Vadim"]
[Black "Ovsejevitsch, Sergei"]
[Result "1/2-1/2"]
[WhiteElo "2332"]
[BlackElo "2581"]
[PlyCount "42"]
[EventDate "2022.08.08"]
[EventType "tourn"]
[EventRounds "9"]
[EventCountry "GER"]
[EventCategory "8"]
[SourceTitle "CBM 209 Extra"]
[Source "ChessBase"]
[SourceDate "2022.09.30"]
[SourceVersion "1"]
[SourceVersionDate "2022.09.30"]
[SourceQuality "1"]

1. e4 c5 2. Nf3 d6 3. d4 cxd4 4. Nxd4 Nf6 5. Nc3 g6 6. Be3 Bg7 7. f3 0-0 8. Qd2 Nc6 9. 0-0-0 d5 10. exd5 Nxd5 11. Nxc6 bxc6 12. Bd4 e5 13. Bc5 Re8 14. Bc4 Be6 15. Kb1 Rb8 16. Bb3 Qc7 17. Ne4 Red8 18. Qe1 h6 19. g4 f5 20. gxf5 gxf5 21. Ng3 Qf7 1/2-1/2

[Event "Berlin Doppelbauer"]
[Site "Berlin"]
[Date "2022.08.08"]
[Round "1"]
[White "Fromm, Marius"]
[Black "Ovsejevitsch, Sergei"]
[Result "0-1"]
[WhiteElo "2409"]
[BlackElo "2581"]
[PlyCount "90"]
[EventDate "2022.08.08"]
[EventType "tourn"]
[EventRounds "9"]
[EventCountry "GER"]
[EventCategory "8"]
[SourceTitle "CBM 209 Extra"]
[Source "ChessBase"]
[SourceDate "2022.09.30"]
[SourceVersion "1"]
[SourceVersionDate "2022.09.30"]
[SourceQuality "1"]

1. e4 e5 2. Nf3 Nc6 3. Bc4 Bc5 4. c3 Nf6 5. d4 exd4 6. e5 d5 7. Bb5 Ne4 8. cxd4 Bb6 9. Nc3 0-0 10. Be3 Bd7 11. a4 a6 12. Bxc6 bxc6 13. Nxe4 dxe4 14. Nd2 Bf5 15. Nc4 Be6 16. Rc1 Bd5 17. 0-0 Qe7 18. Qg4 Kh8 19. Rc3 Rab8 20. Nxb6 Rxb6 21. Rb1 Rfb8 22. h4 h6 23. h5 Rb4 24. a5 R4b5 25. Bd2 Qe6 26. Qxe6 fxe6 27. Rc5 Rxc5 28. dxc5 Ba2 29. Ra1 Rxb2 30. Bc1 Rc2 31. Be3 Kh7 32. Kh2 Rb2 33. Bc1 Rxf2 34. Kg3 Re2 35. Bf4 Bd5 36. Kh3 Rc2 37. g3 Rxc5 38. Kg4 Rb5 39. Be3 c5 40. Kf4 c4 41. g4 Rb8 42. Kg3 Rb3 43. Kf4 Rd3 44. Ra2 c3 45. Rc2 Kg8 0-1

[Event "Lublin 13th"]
[Site "Lublin"]
[Date "2021.11.26"]
[Round "5"]
[White "Ovsejevitsch, Sergei"]
[Black "Baum, Jonasz"]
[Result "0-1"]
[WhiteElo "2558"]
[BlackElo "2209"]
[PlyCount "77"]
[EventDate "2021.11.25"]
[EventType "tourn (rapid)"]
[EventRounds "6"]
[EventCountry "POL"]
[EventCategory "4"]
[SourceTitle "CBM 205 Extra"]
[Source "ChessBase"]
[SourceDate "2022.01.31"]
[SourceVersion "1"]
[SourceVersionDate "2022.01.31"]
[SourceQuality "1"]

1. e4 c5 2. Nf3 d6 3. Bb5+ Bd7 4. Bxd7+ Qxd7 5. 0-0 Nf6 6. d3 e6 7. Ng5 h6 8. Nh3 Nc6 9. f4 Be7 10. c4 0-0-0 11. Nc3 d5 12. e5 Ne8 13. Qe2 f6 14. exf6 Nxf6 15. Kh1 Rhe8 16. Ng1 e5 17. fxe5 Bd6 18. Nxd5 Nxd5 19. cxd5 Nxe5 20. Bf4 Ng6 21. Be3 Nf4 22. Qd2 Nxd5 23. Bxc5 Bxc5 24. Rac1 b6 25. b4 Nxb4 26. Qxb4 Qd4 27. Rc4 Qxd3 28. Rf7 Rd7 29. Qb5 Re1 30. Rxc5+ bxc5 31. Rf8+ Rd8 32. Qxd3 Rxf8 33. Qa6+ Kd7 34. Qxa7+ Kc6 35. Qa6+ Kd5 36. Qd3+ Kc6 37. Qg6+ Kb5 38. Qd3+ Kc6 39. Qa6+ 0-1

[Event "Lublin 13th"]
[Site "Lublin"]
[Date "2021.11.25"]
[Round "2"]
[White "Baum, Jonasz"]
[Black "Ovsejevitsch, Sergei"]
[Result "0-1"]
[WhiteElo "2209"]
[BlackElo "2558"]
[PlyCount "62"]
[EventDate "2021.11.25"]
[EventType "tourn (rapid)"]
[EventRounds "6"]
[EventCountry "POL"]
[EventCategory "4"]
[SourceTitle "CBM 205 Extra"]
[Source "ChessBase"]
[SourceDate "2022.01.31"]
[SourceVersion "1"]
[SourceVersionDate "2022.01.31"]
[SourceQuality "1"]

1. d4 Nf6 2. c4 e6 3. Nf3 b6 4. g3 Bb4+ 5. Nbd2 Bb7 6. Bg2 0-0 7. 0-0 d5 8. Qc2 Na6 9. a3 Be7 10. b4 c5 11. dxc5 bxc5 12. b5 Nc7 13. Bb2 d4 14. Ne5 Bxg2 15. Kxg2 Bd6 16. Nc6 Qd7 17. Nf3 Rfe8 18. e3 e5 19. exd4 exd4 20. Rfe1 Ne6 21. Qd3 h6 22. a4 Ng5 23. Nxg5 hxg5 24. a5 g4 25. a6 Nh7 26. Nxd4 Be5 27. Qf5 Qxf5 28. Nxf5 Bxb2 29. Rxe8+ Rxe8 30. Ra2 Bc3 31. b6 axb6 0-1

[Event "Rubinstein Memorial 57th"]
[Site "Polanica Zdroj"]
[Date "2021.08.20"]
[Round "8"]
[White "Ovsejevitsch, Sergei"]
[Black "Teclaf, Pawel"]
[Result "1/2-1/2"]
[WhiteElo "2579"]
[BlackElo "2520"]
[PlyCount "60"]
[EventDate "2021.08.13"]
[EventType "tourn"]
[EventRounds "9"]
[EventCountry "POL"]
[EventCategory "14"]
[SourceTitle "CBM 203 Extra"]
[Source "ChessBase"]
[SourceDate "2021.09.30"]
[SourceVersion "1"]
[SourceVersionDate "2021.09.30"]
[SourceQuality "1"]

1. d4 e6 2. c4 Bb4+ 3. Nd2 c5 4. a3 Bxd2+ 5. Qxd2 cxd4 6. Nf3 Nf6 7. Nxd4 0-0 8. g3 d5 9. Bg2 dxc4 10. 0-0 e5 11. Nb5 Nc6 12. a4 a6 13. Qxd8 Rxd8 14. Nc7 Rb8 15. Nxa6 bxa6 16. Bxc6 Bb7 17. Bxb7 Rxb7 18. a5 Ne4 19. Ra4 Nd2 20. Re1 h6 21. Kg2 Nb3 22. Be3 Nd4 23. Rxc4 Rxb2 24. Bxd4 Rxd4 25. Rc6 Ra2 26. Rxa6 Rda4 27. f3 Rxa5 28. Rxa5 Rxa5 29. Rb1 Ra2 30. Kf2 f6 1/2-1/2

[Event "Rubinstein Memorial 57th"]
[Site "Polanica Zdroj"]
[Date "2021.08.19"]
[Round "7"]
[White "Ovsejevitsch, Sergei"]
[Black "Navara, David"]
[Result "0-1"]
[WhiteElo "2579"]
[BlackElo "2675"]
[PlyCount "86"]
[EventDate "2021.08.13"]
[EventType "tourn"]
[EventRounds "9"]
[EventCountry "POL"]
[EventCategory "14"]
[SourceTitle "CBM 203 Extra"]
[Source "ChessBase"]
[SourceDate "2021.09.30"]
[SourceVersion "1"]
[SourceVersionDate "2021.09.30"]
[SourceQuality "1"]

1. Nf3 c5 2. c4 Nf6 3. Nc3 Nc6 4. d4 cxd4 5. Nxd4 e6 6. a3 Bc5 7. Nb3 Bb6 8. Bf4 d5 9. cxd5 Nxd5 10. Nxd5 exd5 11. e3 Qf6 12. Qd2 a5 13. a4 0-0 14. Bb5 h5 15. h4 d4 16. 0-0 Qxh4 17. exd4 Be6 18. Bg5 Qg4 19. d5 Nd4 20. Nxd4 Bxd5 21. f3 Qxd4+ 22. Kh1 Qxd2 23. Bxd2 Bd4 24. Bc3 Bxc3 25. bxc3 Rfc8 26. Rfe1 Be6 27. Re5 g6 28. Bd3 Kg7 29. Be4 Ra7 30. Ra3 Bc4 31. Re7 Kf6 32. Rd7 Ke5 33. Kg1 Rc5 34. Kf2 f5 35. Bd3 Be6 36. Rh7 Kf6 37. Bb5 f4 38. c4 Bg8 39. Rd7 Bxc4 40. Bxc4 Rxc4 41. Rad3 Ra6 42. Rxb7 Rxa4 43. Kg1 Rb4 0-1

[Event "Rubinstein Memorial 57th"]
[Site "Polanica Zdroj"]
[Date "2021.08.18"]
[Round "6"]
[White "Gumularz, Szymon"]
[Black "Ovsejevitsch, Sergei"]
[Result "1/2-1/2"]
[WhiteElo "2512"]
[BlackElo "2579"]
[PlyCount "60"]
[EventDate "2021.08.13"]
[EventType "tourn"]
[EventRounds "9"]
[EventCountry "POL"]
[EventCategory "14"]
[SourceTitle "CBM 203 Extra"]
[Source "ChessBase"]
[SourceDate "2021.09.30"]
[SourceVersion "1"]
[SourceVersionDate "2021.09.30"]
[SourceQuality "1"]

1. e4 e5 2. Nf3 Nc6 3. d4 exd4 4. Nxd4 Nf6 5. Nxc6 bxc6 6. e5 Qe7 7. Qe2 Nd5 8. h4 d6 9. c4 Nb6 10. exd6 Qxe2+ 11. Bxe2 Bxd6 12. Nc3 0-0 13. Be3 Be5 14. Rc1 a5 15. b3 a4 16. 0-0 axb3 17. axb3 Nd7 18. Bf3 Ra6 19. Rfd1 Nf6 20. Bd4 Bxd4 21. Rxd4 h5 22. Na4 Bg4 23. Nc5 Rb6 24. Bxg4 hxg4 25. Ra1 Re8 26. Ra7 Re5 27. Nd3 Re7 28. b4 Rb8 29. Kh2 Kh7 30. Ra6 c5 1/2-1/2

[Event "Rubinstein Memorial 57th"]
[Site "Polanica Zdroj"]
[Date "2021.08.13"]
[Round "1"]
[White "Ovsejevitsch, Sergei"]
[Black "Bluebaum, Matthias"]
[Result "1/2-1/2"]
[WhiteElo "2579"]
[BlackElo "2674"]
[PlyCount "61"]
[EventDate "2021.08.13"]
[EventType "tourn"]
[EventRounds "9"]
[EventCountry "POL"]
[EventCategory "14"]
[SourceTitle "CBM 203 Extra"]
[Source "ChessBase"]
[SourceDate "2021.09.30"]
[SourceVersion "1"]
[SourceVersionDate "2021.09.30"]
[SourceQuality "1"]

1. d4 Nf6 2. c4 e6 3. Nf3 d5 4. Nc3 dxc4 5. e3 a6 6. a4 b6 7. Bxc4 Bb7 8. 0-0 Bb4 9. Qe2 0-0 10. Bd3 c5 11. Rd1 cxd4 12. exd4 Nc6 13. Bg5 Be7 14. Bxf6 Bxf6 15. d5 exd5 16. Nxd5 Re8 17. Qc2 g6 18. Nxf6+ Qxf6 19. Qc3 Kg7 20. Bf1 Rad8 21. Qxf6+ Kxf6 22. Nd2 Nb4 23. Nc4 Rxd1 24. Rxd1 Re6 25. f3 Bd5 26. Kf2 Rc6 27. b3 b5 28. axb5 axb5 29. Na3 Rc3 30. Nxb5 Rxb3 31. Rd2 1/2-1/2

[Event "UKR-ch op 89th"]
[Site "Kremenchuk"]
[Date "2020.11.26"]
[Round "9"]
[White "Ovsejevitsch, Sergei"]
[Black "Korobov, Anton"]
[Result "1/2-1/2"]
[WhiteElo "2587"]
[BlackElo "2683"]
[PlyCount "57"]
[EventDate "2020.11.18"]
[EventType "swiss"]
[EventRounds "9"]
[EventCountry "UKR"]
[SourceTitle "CBM 199"]
[Source "ChessBase"]
[SourceDate "2020.12.31"]
[SourceVersion "1"]
[SourceVersionDate "2020.12.31"]
[SourceQuality "1"]

1. d4 Nf6 2. c4 e6 3. Nf3 b6 4. g3 Bb7 5. Bg2 Be7 6. 0-0 0-0 7. Nc3 Ne4 8. Nxe4 Bxe4 9. Ne1 Bxg2 10. Nxg2 d5 11. Qa4 Qd7 12. Qxd7 Nxd7 13. cxd5 exd5 14. Nf4 Nf6 15. Nd3 c5 16. dxc5 bxc5 17. Bg5 c4 18. Nf4 h6 19. Bxf6 Bxf6 20. Rac1 Rfd8 21. Rfd1 Bxb2 22. Rc2 c3 23. Nxd5 Rac8 24. e4 Kf8 25. Rd3 Rc4 26. Re3 Rdc8 27. Kf1 Ra4 28. Nxc3 Bxc3 29. Rexc3 1/2-1/2

[Event "UKR-ch op 89th"]
[Site "Kremenchuk"]
[Date "2020.11.24"]
[Round "7"]
[White "Polivanov, Anatoliy"]
[Black "Ovsejevitsch, Sergei"]
[Result "0-1"]
[WhiteElo "2452"]
[BlackElo "2587"]
[PlyCount "86"]
[EventDate "2020.11.18"]
[EventType "swiss"]
[EventRounds "9"]
[EventCountry "UKR"]
[SourceTitle "CBM 199"]
[Source "ChessBase"]
[SourceDate "2020.12.31"]
[SourceVersion "1"]
[SourceVersionDate "2020.12.31"]
[SourceQuality "1"]

1. d4 Nf6 2. Nc3 d5 3. Bg5 Nbd7 4. Nf3 h6 5. Bh4 c5 6. dxc5 e6 7. Bxf6 Nxf6 8. e4 Bxc5 9. Bb5+ Ke7 10. exd5 Nxd5 11. Nxd5+ Qxd5 12. Qe2 Bd7 13. Bxd7 Qxd7 14. Qe5 Qd6 15. Rd1 Qxe5+ 16. Nxe5 Rhd8 17. Ke2 Bd4 18. Nd3 Rac8 19. c3 Bb6 20. Nb4 h5 21. f3 g5 22. Rxd8 Rxd8 23. h3 f5 24. Nd3 h4 25. c4 Bd4 26. b4 e5 27. Rd1 Rg8 28. a3 Rc8 29. c5 Ke6 30. Nc1 b6 31. cxb6 axb6 32. Nb3 Kd5 33. a4 Rc4 34. Nxd4 exd4 35. Ra1 Rxb4 36. a5 bxa5 37. Rxa5+ Kc4 38. Rxf5 Rb2+ 39. Kf1 d3 40. Ke1 Rxg2 41. f4 g4 42. hxg4 h3 43. Kf1 d2 0-1

[Event "UKR-ch op 89th"]
[Site "Kremenchuk"]
[Date "2020.11.18"]
[Round "1"]
[White "Mosesov, Danylo"]
[Black "Ovsejevitsch, Sergei"]
[Result "1/2-1/2"]
[WhiteElo "2391"]
[BlackElo "2587"]
[PlyCount "66"]
[EventDate "2020.11.18"]
[EventType "swiss"]
[EventRounds "9"]
[EventCountry "UKR"]
[SourceTitle "CBM 199"]
[Source "ChessBase"]
[SourceDate "2020.12.31"]
[SourceVersion "1"]
[SourceVersionDate "2020.12.31"]
[SourceQuality "1"]

1. d4 Nf6 2. c4 e6 3. Nf3 d5 4. Nc3 Be7 5. Bf4 0-0 6. e3 b6 7. cxd5 Nxd5 8. Nxd5 exd5 9. Bd3 c5 10. b3 Nc6 11. 0-0 Bg4 12. dxc5 bxc5 13. Bb5 Qb6 14. Bxc6 Bxf3 15. Qxf3 Qxc6 16. Rad1 Rfd8 17. Rd2 Rd7 18. Rfd1 Rad8 19. Be5 Qe6 20. Qf4 h6 21. Rd3 d4 22. exd4 cxd4 23. Qg3 Bf6 24. Bxf6 Qxf6 25. h3 Rd5 26. Qc7 R8d7 27. Qc8+ Kh7 28. Qc4 g5 29. Qb4 Kg7 30. Qc4 h5 31. Qc2 Re5 32. Qd2 Red5 33. b4 Qe6 1/2-1/2

[Event "Lublin 12th"]
[Site "Lublin"]
[Date "2020.11.10"]
[Round "7"]
[White "Ovsejevitsch, Sergei"]
[Black "Nasuta, Grzegorz"]
[Result "1/2-1/2"]
[WhiteElo "2587"]
[BlackElo "2535"]
[PlyCount "61"]
[EventDate "2020.11.05"]
[EventType "tourn"]
[EventRounds "7"]
[EventCountry "POL"]
[EventCategory "9"]
[SourceTitle "CBM 199 Extra"]
[Source "ChessBase"]
[SourceDate "2021.01.31"]
[SourceVersion "1"]
[SourceVersionDate "2021.01.31"]
[SourceQuality "1"]

1. Nf3 d5 2. d4 Nf6 3. c4 c6 4. Nbd2 Bf5 5. Nh4 Be4 6. Qb3 Qb6 7. f3 Qxb3 8. Nxb3 Bc2 9. Kd2 Bxb3 10. axb3 e6 11. g3 c5 12. dxc5 Nc6 13. Ng2 0-0-0 14. Kc2 Bxc5 15. Nf4 Nb4+ 16. Kc3 dxc4 17. bxc4 Rd1 18. Nd3 Nxd3 19. exd3 Rd8 20. Kc2 R8xd3 21. Ra4 Nd7 22. Bg2 Rxh1 23. Bxh1 Rd6 24. f4 Nb8 25. b4 Bg1 26. h3 Ra6 27. Rxa6 Nxa6 28. Bd2 Nc7 29. g4 g6 30. Kd3 Ne8 31. f5 1/2-1/2

[Event "POL-ch rapid"]
[Site "Trzcianka"]
[Date "2020.10.18"]
[Round "7"]
[White "Ovsejevitsch, Sergei"]
[Black "Budrewicz, Krzysztof"]
[Result "1-0"]
[WhiteElo "2587"]
[BlackElo "2289"]
[PlyCount "69"]
[EventDate "2020.10.18"]
[EventType "swiss (rapid)"]
[EventRounds "9"]
[EventCountry "POL"]
[SourceTitle "CBM 198 Extra"]
[Source "ChessBase"]
[SourceDate "2020.11.30"]
[SourceVersion "1"]
[SourceVersionDate "2020.11.30"]
[SourceQuality "1"]

1. Nf3 Nf6 2. c4 g6 3. Nc3 Bg7 4. e4 d6 5. d4 0-0 6. Be2 Na6 7. Be3 e5 8. d5 Nh5 9. g3 f5 10. exf5 Bxf5 11. Ng5 Nf6 12. g4 Bd7 13. Nge4 Qe7 14. 0-0 Nxe4 15. Nxe4 Rf4 16. Bxf4 exf4 17. Bf3 b6 18. Re1 Qh4 19. Rb1 h5 20. gxh5 g5 21. Kh1 g4 22. h6 Be5 23. Rg1 Kh8 24. Rxg4 Bxg4 25. Bxg4 f3 26. h3 Rg8 27. Qxf3 Qxh6 28. b4 Nb8 29. Be6 Rf8 30. Qg4 Qh7 31. Rg1 Na6 32. Ng5 Rxf2 33. Nf7+ Rxf7 34. Bxf7 Qxf7 35. Qh4+ 1-0

[Event "POL-ch rapid"]
[Site "Trzcianka"]
[Date "2020.10.18"]
[Round "5"]
[White "Ovsejevitsch, Sergei"]
[Black "Klimkowski, Jan"]
[Result "1-0"]
[WhiteElo "2587"]
[BlackElo "2298"]
[PlyCount "137"]
[EventDate "2020.10.18"]
[EventType "swiss (rapid)"]
[EventRounds "9"]
[EventCountry "POL"]
[SourceTitle "CBM 198 Extra"]
[Source "ChessBase"]
[SourceDate "2020.11.30"]
[SourceVersion "1"]
[SourceVersionDate "2020.11.30"]
[SourceQuality "1"]

1. d4 Nf6 2. c4 e6 3. Nf3 b6 4. Nc3 Bb4 5. Qc2 0-0 6. a3 Bxc3+ 7. Qxc3 Bb7 8. g3 d6 9. Bg2 Nbd7 10. 0-0 a5 11. b3 Re8 12. Bb2 Ne4 13. Qc2 f5 14. Ne1 Qb8 15. Nd3 d5 16. Rfd1 a4 17. b4 dxc4 18. Qxc4 Bd5 19. Qc1 Qb7 20. Nf4 b5 21. Nxd5 exd5 22. Qc2 Nb6 23. Bc1 Nc4 24. Bf4 c6 25. Bh3 g6 26. Rd3 Qe7 27. Re1 Qf6 28. Bg2 Re7 29. h4 Qf7 30. Qc1 Rae8 31. h5 gxh5 32. f3 Nf6 33. e3 h4 34. gxh4 Nh5 35. Bg5 Re6 36. e4 fxe4 37. fxe4 dxe4 38. d5 exd3 39. dxe6 Rxe6 40. Rf1 Qe8 41. Qd1 Ng3 42. Qg4 Ne2+ 43. Kh1 Ne5 44. Qh3 d2 45. Bxd2 Rg6 46. Re1 Nc4 47. Bf4 Qf7 48. Bh2 Re6 49. Rf1 Qg6 50. Qf3 Re8 51. Qxc6 Qxc6 52. Bxc6 Re3 53. Bxb5 Nxa3 54. Bxa4 Re4 55. Bb3+ Kg7 56. Re1 Rxb4 57. Bd1 Rxh4 58. Bxe2 Nc4 59. Bf1 Nd6 60. Bg2 Nf5 61. Kg1 Rg4 62. Kf2 Ra4 63. Be4 Kf6 64. Re2 Nd4 65. Rb2 Ne6 66. Bc6 Rc4 67. Bd5 Rd4 68. Bg2 Nf4 69. Ke3 1-0

[Event "Rubinstein Memorial 56th"]
[Site "Polanica Zdroj"]
[Date "2020.08.21"]
[Round "7"]
[White "Sabuk, Piotr"]
[Black "Ovsejevitsch, Sergei"]
[Result "0-1"]
[WhiteElo "2377"]
[BlackElo "2587"]
[PlyCount "72"]
[EventDate "2020.08.15"]
[EventType "swiss"]
[EventRounds "9"]
[EventCountry "POL"]
[SourceTitle "CBM 197 Extra"]
[Source "ChessBase"]
[SourceDate "2020.09.30"]
[SourceVersion "1"]
[SourceVersionDate "2020.09.30"]
[SourceQuality "1"]

1. d4 Nf6 2. c4 e6 3. Nf3 d5 4. g3 Be7 5. Bg2 0-0 6. Nc3 b6 7. cxd5 exd5 8. 0-0 Bb7 9. Bf4 Na6 10. Ne5 Re8 11. Rc1 h6 12. Qa4 Bf8 13. Rfd1 Qe7 14. Bh3 g5 15. Be3 c5 16. Nd7 Nxd7 17. Bxd7 Red8 18. Bc6 Bxc6 19. Qxc6 Qe6 20. Qa4 Nc7 21. Kg2 Ne8 22. Qa6 Nd6 23. dxc5 Nf5 24. c6 d4 25. c7 Qc6+ 26. Kg1 Qxc7 27. Na4 Qe5 28. Bd2 b5 29. Ba5 Re8 30. Bc7 Qxe2 31. Qa5 Qf3 32. Qxb5 Re2 33. Rf1 Ne3 34. Qc6 Qxc6 35. Rxc6 Nxf1 36. Kxf1 d3 0-1

[Event "Rubinstein Memorial 56th"]
[Site "Polanica Zdroj"]
[Date "2020.08.16"]
[Round "2"]
[White "Ovsejevitsch, Sergei"]
[Black "Fiedorek, Michal"]
[Result "1/2-1/2"]
[WhiteElo "2587"]
[BlackElo "2212"]
[PlyCount "50"]
[EventDate "2020.08.15"]
[EventType "swiss"]
[EventRounds "9"]
[EventCountry "POL"]
[SourceTitle "CBM 197 Extra"]
[Source "ChessBase"]
[SourceDate "2020.09.30"]
[SourceVersion "1"]
[SourceVersionDate "2020.09.30"]
[SourceQuality "1"]

1. Nf3 Nf6 2. c4 g6 3. Nc3 Bg7 4. e4 d6 5. d4 0-0 6. Be2 e5 7. d5 a5 8. Be3 Ng4 9. Bg5 f6 10. Bd2 f5 11. exf5 gxf5 12. 0-0 e4 13. Ne1 Ne5 14. f3 exf3 15. Nxf3 Nbd7 16. Kh1 Nxf3 17. gxf3 Ne5 18. Qc1 Qh4 19. Bf4 Bd7 20. Rg1 Kh8 21. Qd2 a4 22. Nb5 Bxb5 23. cxb5 Ng6 24. Bg5 Qd4 25. Rac1 Rae8 1/2-1/2